000 00629nam a2200241 a 4500
001 0001-0834
003 ELIB.Books
008 140828 2010 eng
020 _aKBTS
035 _a(ELIB.Books)0001-0988
092 _aThesis
_bKale
100 _aKale Kaw Htoo, Saw
245 _aThe Church Ministry of Reconciliation
260 _aKBTS; Insein
_bKaren Baptist Theological Seminary
_c2011
300 _c29.7 Cm
500 _aKale Kaw Htoo, Saw
650 _aThesis
856 _nKBTS; Library
_uKBTS; Elib.
942 _2ddc
_cBK
990 _a1
998 _cbat
_e2014-08-28
999 _c10834
_d10834